000 00582nam a2200205Ia 4500
005 20250923150017.0
008 008 250917s9999 xx 000 0 eng d
037 _aTextual
040 _aDSWL
_beng
_cDSWL
041 _aeng
_2eng
084 _aY720aZ, N98
_qDSWL
100 _aSavyasaachi,
_9841265
245 0 _aTribal Forest-Dwellers and self rule
_c bySavyasaachi
260 _aNew Delhi
_bIndian Social Institute
_c1998
300 _avii,209 p.
365 _aINR
_b100.00
925 _g100.00
942 _cTEXL
_hY720aZ, N98
999 _c1458468
_d1458468